| 000 | 01001cam a22002054a 4500 | ||
|---|---|---|---|
| 005 | 20250605163926.0 | ||
| 008 | 250528s ||||||||||||||||||||||||d | ||
| 035 | _a14538 | ||
| 020 | _a713164832 | ||
| 040 |
_aGR-AtMCL _bgre _dGR-AtMCL _eAACR2 |
||
| 245 | 1 | _aEssential Social Psychology | |
| 260 | _c1991 | ||
| 300 | _a278 | ||
| 520 | _aThis book provides a systematic introduction to the key areas and topics in social psychology. Preface, Acknowledgements, Introduction, Socialization I: The Early Years, Socialization II: A Life-Long Process, Attitudes and Attitude Change, Prejudice and Conflict, Social Cognition I: Perception of Ourselves and Others, Social Cognition II: The Attribution Approach, Interpersonal Attraction, Non-Verbal Communication and Interpersonal Behavior, Social Influence, Groups and Group Performance, References, Subject and Author Index. | ||
| 700 | 1 |
_aEdward Arnold _9242 |
|
| 700 | 1 |
_aPennington Donald C _9243 |
|
| 942 | _cBK | ||
| 999 |
_c163 _d163 |
||